[Event "Bacolod Negros op"]
[Site "Bacolod"]
[Date "2017.10.12"]
[Round "2"]
[White "Tran, Minh Thang"]
[Black "Retanal, Elwin"]
[Result "1-0"]
[WhiteElo "2352"]
[BlackElo "2175"]
[PlyCount "129"]
[EventDate "2017.10.11"]
[EventType "swiss"]
[EventRounds "9"]
[EventCountry "PHI"]
[SourceTitle "CBM 181 Extra"]
[Source "ChessBase"]
[SourceDate "2017.12.12"]
[SourceVersion "1"]
[SourceVersionDate "2017.12.12"]
[SourceQuality "1"]

1. d4 Nf6 2. c4 g6 3. Nf3 Bg7 4. g3 0-0 5. Bg2 d6 6. 0-0 c6 7. Nc3 Bf5 8. Qb3 Qc8 9. a4 Na6 10. Re1 Rb8 11. e4 Bh3 12. Bh1 h6 13. e5 dxe5 14. dxe5 Nd7 15. Qa3 Re8 16. Bd2 Nc7 17. a5 Bg4 18. Bf4 g5 19. Be3 Bxf3 20. Bxf3 Nxe5 21. Be2 Qh3 22. Bxa7 Rbd8 23. Rad1 Ne6 24. Ne4 Rxd1 25. Rxd1 g4 26. f4 gxf3 27. Bxf3 Nxc4 28. Qb4 Qf5 29. Qxc4 Qxf3 30. Rd7 h5 31. Bb6 h4 32. gxh4 Nf4 33. Qxf7+ Kxf7 34. Ng5+ Kf8 35. Nxf3 Bxb2 36. Rxb7 Ra8 37. Be3 Nd5 38. Rxb2 Nxe3 39. Ra2 Ra6 40. Ne5 Kg7 41. Kf2 Nd5 42. Nd3 Kf6 43. Nc5 Ra8 44. a6 Ke5 45. h5 Kd6 46. Ne4+ Ke5 47. Nc5 Kd6 48. Ra5 Kc7 49. h6 Kb6 50. Nb3 Nf6 51. Kf3 Rxa6 52. Rxa6+ Kxa6 53. Nc5+ Kb5 54. Ne4 Nh7 55. h4 c5 56. Ng5 Nf6 57. h7 Nxh7 58. Nxh7 c4 59. Ng5 c3 60. Ne4 c2 61. Nc3+ Kc6 62. Ne2 Kd5 63. Ke3 Ke5 64. Kd2 Kf5 65. h5 1-0